Types of Love - Statistics

General Stats
  • This quiz has been taken 18 times
  • The average score is 4 of 8
Answer Stats
Greek Word Type of Love % Correct
Eros Romantic
93%
Storge Familiar
67%
Philia Affectionate
60%
Pragma Enduring
40%
Philautia Self
27%
Agape Selfless
27%
Mania Obsessive
20%
Ludus Playful
20%
No matching quizzes found
Score Distribution
Percent of People with Each Score
Percentile by Number Answered
Your Score History
You have not taken this quiz